000 00538nam a22001817a 4500
005 20250723161857.0
010 _aEN-146091
020 _a9789363196995
_c50.00
035 _aEN-129623
037 _bDBAD
082 _a000
100 _aKhanna and Verma
_983210
245 _aUpkar's General Knowledge Current Affairs and Who's Who?/
_cKhanna and Verma
260 _aAgra
_bUpkar Prakashan
_c2025
270 _a2/11A, Swadeshi Bima Nagar,
_bAgra
_e282-002
300 _avpp.
_c22cm(Pb)
942 _2ddc
_cEN
_h000
_mVER
999 _c212517
_d212517